[Event "Int SVK-ch GM 2020"]
[Site "Drienica"]
[Date "2020.08.12"]
[Round "6.2"]
[White "Druska, Juraj"]
[Black "Jurcik, Marian"]
[Result "1-0"]
[WhiteElo "2515"]
[BlackElo "2441"]
[Annotator "ChessBase"]
[PlyCount "107"]
[EventDate "2020.08.07"]
[EventType "tourn"]
[EventCountry "SVK"]
[SourceTitle "playchess.com"]
[Source "ChessBase"]
[SourceQuality "1"]
[TimeControl "40/5400+30:1800+30"]

1. e4 {[%emt 0:00:33]} c5 {[%emt 0:00:00]} 2. Nf3 {[%emt 0:00:09]} Nf6 {[%emt 0:00:00]} 3. Nc3 {[%emt 0:10:00]} d6 {[%emt 0:00:06]} 4. d4 {[%emt 0:01:23]} cxd4 {[%emt 0:00:06]} 5. Nxd4 {[%emt 0:00:13]} Nc6 {[%emt 0:00:07]} 6. Nxc6 {[%emt 0:12:27]} bxc6 {[%emt 0:00:12]} 7. Bd3 {[%emt 0:00:03]} e5 {[%emt 0:05:42]} 8. O-O {[%emt 0:05:55]} Be7 {[%emt 0:02:17]} 9. b3 {[%emt 0:01:29]} O-O {[%emt 0:03:05]} 10. Bb2 {[%emt 0:00:06]} Bg4 {[%emt 0:12:23]} 11. Qd2 {[%emt 0:07:39]} d5 {[%emt 0:12:38]} 12. Rae1 {[%emt 0:03:08]} d4 {[%emt 0:01:27]} 13. Na4 {[%emt 0:01:00]} Nh5 {[%emt 0:00:26]} 14. Be2 {[%emt 0:08:14]} Qc8 {[%emt 0:12:00]} 15. f3 {[%emt 0:22:29]} Be6 {[%emt 0:00:51]} 16. Qa5 {[%emt 0:00:41]} f6 {[%emt 0:25:12]} 17. Nc5 {[%emt 0:04:55]} Bf7 {[%emt 0:04:18]} 18. Nd3 {[%emt 0:02:21]} g5 {[%emt 0:02:24]} 19. g3 {[%emt 0:03:50]} Bd8 {[%emt 0:09:17]} 20. Qd2 {[%emt 0:00:01]} Kh8 {[%emt 0:00:39]} 21. Rf2 {[%emt 0:01:43]} Rg8 {[%emt 0:00:12]} 22. Kh1 {[%emt 0:01:00]} c5 {[%emt 0:02:31]} 23. Ba3 {[%emt 0:02:22]} Bb6 {[%emt 0:01:04]} 24. Qd1 {[%emt 0:03:51]} Qh3 {[%emt 0:02:19]} 25. Rg1 {[%emt 0:00:19]} Rac8 {[%emt 0:00:11]} 26. Rfg2 {[%emt 0:00:53]} c4 {[%emt 0:02:45]} 27. bxc4 {[%emt 0:00:07]} Bxc4 {[%emt 0:00:22]} 28. f4 {[%emt 0:01:00]} g4 {[%emt 0:00:50]} 29. fxe5 {[%emt 0:05:25]} Bxd3 {[%emt 0:00:20]} 30. cxd3 {[%emt 0:00:13]} fxe5 {[%emt 0:00:05]} 31. Rf2 {[%emt 0:00:11]} Nf4 {[%emt 0:01:01]} 32. gxf4 {[%emt 0:00:17]} g3 {[%emt 0:00:10]} 33. Bf1 {[%emt 0:01:58]} Qh4 {[%emt 0:00:47]} 34. Rfg2 {[%emt 0:00:24]} exf4 {[%emt 0:00:26]} 35. Bd6 {[%emt 0:00:24]} Rg6 {[%emt 0:00:43]} 36. Be5+ {[%emt 0:00:10]} Kg8 {[%emt 0:00:03]} 37. Qb3+ {[%emt 0:00:32]} Kf8 {[%emt 0:00:20]} 38. Qb4+ {[%emt 0:00:22]} Bc5 {[%emt 0:01:06]} 39. Qb7 {[%emt 0:00:31]} Re8 {[%emt 0:00:23]} 40. Bxd4 Bxd4 {[%emt 0:00:38]} 41. Qb4+ {[%emt 0:31:32]} Re7 {[%emt 0:16:19]} 42. Qxd4 {[%emt 0:00:00]} Rh6 {[%emt 0:00:04]} 43. Qh8+ {[%emt 0:00:00]} Kf7 {[%emt 0:00:03]} 44. Qb2 {[%emt 0:00:00]} Rc7 {[%emt 0:05:03]} 45. d4 {[%emt 0:00:00]} Rc3 {[%emt 0:10:51]} 46. e5 {[%emt 0:00:00]} Kf8 {[%emt 0:00:34]} 47. d5 {[%emt 0:00:00]} Rc1 {[%emt 0:00:32]} 48. Qb8+ {[%emt 0:00:00]} Kg7 {[%emt 0:00:32]} 49. Qxa7+ {[%emt 0:00:00]} Kf8 {[%emt 0:00:10]} 50. Qb8+ {[%emt 0:00:00]} Kg7 {[%emt 0:00:12]} 51. Qb2 {[%emt 0:00:00]} Rb1 {[%emt 0:00:23]} 52. Qc2 {[%emt 0:02:32]} Rc1 {[%emt 0:00:04]} 53. Qf2 {[%emt 0:00:22]} Kh8 {[%emt 0:01:20]} 54. Rxg3 {[%emt 0:00:46]} 1-0

[Event "Int SVK-ch GM 2020"]
[Site "Drienica"]
[Date "2020.08.12"]
[Round "6.3"]
[White "Mazur, Stefan"]
[Black "Pechac, Jergus"]
[Result "0-1"]
[WhiteElo "2449"]
[BlackElo "2498"]
[Annotator "ChessBase"]
[PlyCount "116"]
[EventDate "2020.08.07"]
[EventType "tourn"]
[EventCountry "SVK"]
[SourceTitle "playchess.com"]
[Source "ChessBase"]
[SourceQuality "1"]
[TimeControl "40/5400+30:1800+30"]

1. e4 {[%emt 0:02:24]} e5 {[%emt 0:00:00]} 2. Nf3 {[%emt 0:00:45]} Nc6 {[%emt 0:00:00]} 3. Bb5 {[%emt 0:00:17]} Nf6 {[%emt 0:00:00]} 4. O-O {[%emt 0:00:24]} Nxe4 {[%emt 0:00:00]} 5. Re1 {[%emt 0:00:13]} Nd6 {[%emt 0:00:00]} 6. a4 {[%emt 0:00:09]} Be7 {[%emt 0:00:00]} 7. Nc3 {[%emt 0:00:21]} O-O {[%emt 0:00:04]} 8. d4 {[%emt 0:00:12]} exd4 {[%emt 0:00:04]} 9. Nd5 {[%emt 0:00:11]} Re8 {[%emt 0:00:04]} 10. Bf4 {[%emt 0:00:25]} b6 {[%emt 0:00:04]} 11. Bd3 {[%emt 0:00:18]} Bb7 {[%emt 0:00:06]} 12. Qd2 {[%emt 0:00:19]} Rc8 {[%emt 0:00:28]} 13. h4 {[%emt 0:00:25]} f6 {[%emt 0:00:17]} 14. c3 {[%emt 0:02:07]} dxc3 {[%emt 0:14:10]} 15. Qc2 {[%emt 0:00:19]} f5 {[%emt 0:27:21]} 16. Qxc3 {[%emt 0:35:21]} Kh8 {[%emt 0:05:51]} 17. Ng5 {[%emt 0:27:50]} Bxg5 {[%emt 0:07:24]} 18. Bxg5 {[%emt 0:00:16]} Rxe1+ {[%emt 0:00:04]} 19. Rxe1 {[%emt 0:00:09]} Qf8 {[%emt 0:00:04]} 20. h5 {[%emt 0:00:29]} Nf7 {[%emt 0:04:57]} 21. Bf4 {[%emt 0:01:28]} Nce5 {[%emt 0:04:37]} 22. Ba6 {[%emt 0:09:43]} Bxa6 {[%emt 0:01:32]} 23. Bxe5 {[%emt 0:00:07]} Nxe5 {[%emt 0:16:11]} 24. Qxe5 {[%emt 0:00:24]} d6 {[%emt 0:00:10]} 25. Qc3 {[%emt 0:07:57]} Bb7 {[%emt 0:01:53]} 26. Ne7 {[%emt 0:00:39]} Re8 {[%emt 0:00:18]} 27. Qxc7 {[%emt 0:00:20]} Be4 {[%emt 0:00:11]} 28. Qxd6 {[%emt 0:04:26]} Qxe7 {[%emt 0:01:13]} 29. Qxe7 {[%emt 0:00:07]} Rxe7 {[%emt 0:00:03]} 30. f3 {[%emt 0:00:06]} Kg8 {[%emt 0:02:41]} 31. fxe4 {[%emt 0:00:12]} Kf7 {[%emt 0:05:02]} 32. Kf2 {[%emt 0:00:47]} Kf6 {[%emt 0:03:13]} 33. Kf3 {[%emt 0:02:19]} Re5 {[%emt 0:00:18]} 34. g4 {[%emt 0:03:06]} fxg4+ {[%emt 0:00:06]} 35. Kxg4 {[%emt 0:00:13]} Rg5+ {[%emt 0:00:08]} 36. Kh4 {[%emt 0:00:58]} Rg2 {[%emt 0:00:27]} 37. Rf1+ {[%emt 0:01:17]} Ke6 {[%emt 0:01:26]} 38. Rc1 {[%emt 0:00:02]} Kd6 {[%emt 0:02:59]} 39. Rd1+ {[%emt 0:01:43]} Ke7 {[%emt 0:00:37]} 40. Rc1 {[%emt 0:00:36]} Kd6 {[%emt 0:01:18]} 41. Rd1+ {[%emt 0:30:25]} Ke6 {[%emt 0:20:50]} 42. Rc1 {[%emt 0:00:00]} Re2 {[%emt 0:02:55]} 43. Rc7 {[%emt 0:00:00]} Rxe4+ {[%emt 0:00:31]} 44. Kg5 {[%emt 0:00:00]} Re5+ {[%emt 0:00:17]} 45. Kg4 {[%emt 0:00:00]} Kf6 {[%emt 0:00:39]} 46. h6 {[%emt 0:00:00]} Re7 {[%emt 0:01:33]} 47. Rc6+ {[%emt 0:00:00]} Ke5 {[%emt 0:00:11]} 48. a5 {[%emt 0:00:00]} Kd5 {[%emt 0:00:55]} 49. Rc1 {[%emt 0:00:00]} gxh6 {[%emt 0:06:06]} 50. axb6 {[%emt 0:00:00]} axb6 {[%emt 0:00:04]} 51. Kf3 {[%emt 0:00:00]} Re6 {[%emt 0:00:47]} 52. Rc7 {[%emt 0:00:00]} Rc6 {[%emt 0:00:39]} 53. Rxh7 {[%emt 0:00:00]} Kc4 {[%emt 0:00:09]} 54. Ke4 {[%emt 0:00:00]} b5 {[%emt 0:00:07]} 55. Rb7 {[%emt 0:00:00]} b4 {[%emt 0:00:24]} 56. Rh7 {[%emt 0:00:00]} Kb3 {[%emt 0:00:18]} 57. Kd5 {[%emt 0:00:00]} Rg6 {[%emt 0:00:09]} 58. Rb7 {[%emt 0:00:00]} Rg4 {[%emt 0:00:05]} 0-1

[Event "Int SVK-ch GM 2020"]
[Site "Drienica"]
[Date "2020.08.12"]
[Round "6.4"]
[White "Nayhebaver, Martin"]
[Black "Petenyi, Tamas"]
[Result "0-1"]
[WhiteElo "2482"]
[BlackElo "2436"]
[Annotator "ChessBase"]
[PlyCount "116"]
[EventDate "2020.08.07"]
[EventType "tourn"]
[EventCountry "SVK"]
[SourceTitle "playchess.com"]
[Source "ChessBase"]
[SourceQuality "1"]
[TimeControl "40/5400+30:1800+30"]

1. e4 {[%emt 0:00:00]} c6 {[%emt 0:06:03]} 2. d4 {[%emt 0:00:39]} g6 {[%emt 0:00:27]} 3. Nc3 {[%emt 0:01:08]} Bg7 {[%emt 0:00:16]} 4. f4 {[%emt 0:00:43]} b5 {[%emt 0:03:35]} 5. e5 {[%emt 0:04:00]} d6 {[%emt 0:02:33]} 6. Nf3 {[%emt 0:01:29]} Nh6 {[%emt 0:01:25]} 7. Bd3 {[%emt 0:02:11]} O-O {[%emt 0:01:43]} 8. Ne4 {[%emt 0:04:36]} Nd7 {[%emt 0:04:22]} 9. O-O {[%emt 0:03:10]} Nb6 {[%emt 0:11:11]} 10. Qe2 {[%emt 0:04:03]} Bf5 {[%emt 0:11:02]} 11. Kh1 {[%emt 0:06:22]} Qd7 {[%emt 0:01:35]} 12. b3 {[%emt 0:05:39]} b4 {[%emt 0:07:14]} 13. Bd2 {[%emt 0:03:13]} Nd5 {[%emt 0:00:33]} 14. Rae1 {[%emt 0:13:31]} f6 {[%emt 0:02:04]} 15. Ng3 {[%emt 0:11:15]} Bxd3 {[%emt 0:02:11]} 16. Qxd3 {[%emt 0:00:45]} f5 {[%emt 0:04:50]} 17. Qc4 {[%emt 0:02:31]} a5 {[%emt 0:05:15]} 18. a3 {[%emt 0:04:52]} Rab8 {[%emt 0:03:00]} 19. Ra1 {[%emt 0:02:52]} Nf7 {[%emt 0:04:32]} 20. axb4 {[%emt 0:00:45]} axb4 {[%emt 0:00:06]} 21. Ra6 {[%emt 0:01:00]} Rfc8 {[%emt 0:01:08]} 22. Rfa1 {[%emt 0:01:26]} Nd8 {[%emt 0:04:36]} 23. Ne1 {[%emt 0:04:26]} Ne6 {[%emt 0:03:37]} 24. Nd3 {[%emt 0:01:22]} Kh8 {[%emt 0:07:17]} 25. Ne2 {[%emt 0:01:36]} Nec7 {[%emt 0:03:37]} 26. Ra7 {[%emt 0:08:31]} Qe8 {[%emt 0:01:01]} 27. Nxb4 {[%emt 0:01:46]} Nxb4 {[%emt 0:02:29]} 28. Bxb4 {[%emt 0:00:11]} c5 {[%emt 0:00:43]} 29. dxc5 {[%emt 0:01:05]} d5 {[%emt 0:00:10]} 30. Qc3 {[%emt 0:02:36]} Nb5 {[%emt 0:00:05]} 31. Qd2 {[%emt 0:00:06]} Nxa7 {[%emt 0:00:04]} 32. Rxa7 {[%emt 0:00:03]} Qb5 {[%emt 0:01:17]} 33. c3 {[%emt 0:03:18]} d4 {[%emt 0:00:29]} 34. Rxe7 {[%emt 0:03:44]} dxc3 {[%emt 0:00:23]} 35. Bxc3 {[%emt 0:00:08]} Rd8 {[%emt 0:00:25]} 36. Qe3 {[%emt 0:01:58]} Rd1+ {[%emt 0:00:43]} 37. Ng1 {[%emt 0:00:01]} Rd3 {[%emt 0:02:00]} 38. Qe1 {[%emt 0:01:03]} Qxb3 {[%emt 0:00:32]} 39. Bd2 {[%emt 0:00:03]} Qd5 {[%emt 0:02:00]} 40. Be3 {[%emt 0:01:11]} Qe4 {[%emt 0:01:41]} 41. Qh4 {[%emt 0:02:24]} Qxe3 {[%emt 0:08:09]} 42. Rxg7 {[%emt 0:00:25]} Kxg7 {[%emt 0:00:10]} 43. Qe7+ {[%emt 0:02:09]} Kg8 {[%emt 0:02:53]} 44. Qe6+ {[%emt 0:00:13]} Kf8 {[%emt 0:00:37]} 45. Qf6+ {[%emt 0:00:19]} Ke8 {[%emt 0:03:42]} 46. c6 {[%emt 0:09:21]} Qc5 {[%emt 0:02:45]} 47. Qh8+ {[%emt 0:00:49]} Qf8 {[%emt 0:00:55]} 48. Qxh7 {[%emt 0:00:39]} Rb1 {[%emt 0:01:16]} 49. h4 {[%emt 0:05:20]} Qf7 {[%emt 0:04:48]} 50. Qh8+ {[%emt 0:00:24]} Ke7 {[%emt 0:00:01]} 51. Kh2 {[%emt 0:03:20]} Rd8 {[%emt 0:03:01]} 52. Qh6 {[%emt 0:00:07]} Rxg1 {[%emt 0:01:24]} 53. Kxg1 Rc8 {[%emt 0:01:03]} 54. h5 {[%emt 0:03:39]} Rxc6 {[%emt 0:00:53]} 55. Qg5+ {[%emt 0:00:05]} Ke8 {[%emt 0:00:29]} 56. h6 {[%emt 0:00:33]} Qe7 {[%emt 0:00:24]} 57. Qg3 {[%emt 0:00:14]} Kf8 {[%emt 0:01:11]} 58. Qb3 {[%emt 0:00:14]} Rc1+ {[%emt 0:00:18]} 0-1

[Event "Int SVK-ch GM 2020"]
[Site "Drienica"]
[Date "2020.08.12"]
[Round "6.5"]
[White "Mrva, Martin"]
[Black "Jablonicky, Martin"]
[Result "1-0"]
[WhiteElo "2386"]
[BlackElo "2314"]
[Annotator "ChessBase"]
[PlyCount "87"]
[EventDate "2020.08.07"]
[EventType "tourn"]
[EventCountry "SVK"]
[SourceTitle "playchess.com"]
[Source "ChessBase"]
[SourceQuality "1"]
[TimeControl "40/5400+30:1800+30"]

1. c4 {[%emt 0:00:00]} Nf6 {[%emt 0:03:32]} 2. Nc3 {[%emt 0:00:00]} g6 {[%emt 0:00:06]} 3. e4 {[%emt 0:00:00]} d6 {[%emt 0:00:04]} 4. d4 {[%emt 0:00:00]} Bg7 {[%emt 0:00:05]} 5. Nf3 {[%emt 0:00:00]} O-O {[%emt 0:00:06]} 6. h3 {[%emt 0:00:05]} e5 {[%emt 0:00:26]} 7. d5 {[%emt 0:00:06]} a5 {[%emt 0:00:04]} 8. Bg5 {[%emt 0:04:02]} Na6 {[%emt 0:00:07]} 9. Nd2 {[%emt 0:03:49]} Qe8 {[%emt 0:00:08]} 10. Be2 {[%emt 0:00:36]} Nd7 {[%emt 0:00:12]} 11. a3 {[%emt 0:01:47]} Nb6 {[%emt 0:05:35]} 12. b3 {[%emt 0:00:21]} f5 {[%emt 0:02:23]} 13. O-O {[%emt 0:04:32]} Bd7 {[%emt 0:09:01]} 14. Rb1 {[%emt 0:00:59]} f4 {[%emt 0:13:07]} 15. Bh4 {[%emt 0:01:54]} g5 {[%emt 0:11:23]} 16. Bxg5 {[%emt 0:05:45]} Qg6 {[%emt 0:00:05]} 17. h4 {[%emt 0:01:38]} h6 {[%emt 0:00:09]} 18. Be7 {[%emt 0:00:27]} Rf7 {[%emt 0:01:06]} 19. h5 {[%emt 0:04:51]} Qh7 {[%emt 0:05:52]} 20. Bh4 {[%emt 0:00:15]} Kh8 {[%emt 0:01:22]} 21. g4 {[%emt 0:02:34]} fxg3 {[%emt 0:04:31]} 22. fxg3 {[%emt 0:00:09]} Raf8 {[%emt 0:00:21]} 23. Rxf7 {[%emt 0:05:18]} Rxf7 {[%emt 0:00:05]} 24. Bg4 {[%emt 0:00:20]} Bf6 {[%emt 0:01:05]} 25. Bxf6+ {[%emt 0:04:07]} Rxf6 {[%emt 0:00:06]} 26. Kg2 {[%emt 0:01:56]} Nc5 {[%emt 0:01:08]} 27. Bxd7 {[%emt 0:00:52]} Qxd7 {[%emt 0:01:07]} 28. Qe2 {[%emt 0:00:36]} Qf7 {[%emt 0:02:22]} 29. Nd1 {[%emt 0:01:08]} Qg7 {[%emt 0:03:42]} 30. b4 {[%emt 0:01:20]} axb4 {[%emt 0:00:04]} 31. axb4 {[%emt 0:00:06]} Ncd7 {[%emt 0:00:07]} 32. Ne3 {[%emt 0:01:19]} Rf8 {[%emt 0:00:27]} 33. Nf5 {[%emt 0:00:36]} Qh7 {[%emt 0:02:35]} 34. Nf3 {[%emt 0:02:29]} Rg8 {[%emt 0:01:23]} 35. N3h4 {[%emt 0:01:07]} Rg5 {[%emt 0:00:08]} 36. Ng6+ {[%emt 0:01:51]} Kg8 {[%emt 0:00:01]} 37. Nfe7+ {[%emt 0:00:40]} Kf7 {[%emt 0:01:16]} 38. c5 {[%emt 0:00:30]} Nf6 {[%emt 0:00:19]} 39. cxb6 {[%emt 0:00:17]} Nxh5 {[%emt 0:00:13]} 40. Rf1+ {[%emt 0:00:30]} Nf4+ {[%emt 0:00:43]} 41. Rxf4+ {[%emt 0:31:33]} exf4 {[%emt 0:30:13]} 42. bxc7 {[%emt 0:00:30]} Rxg3+ {[%emt 0:01:00]} 43. Kh2 {[%emt 0:00:11]} Rc3 {[%emt 0:00:31]} 44. Qg4 {[%emt 0:00:16]} 1-0

[Event "Int SVK-ch GM 2020"]
[Site "Drienica"]
[Date "2020.08.13"]
[Round "7.1"]
[White "Jablonicky, Martin"]
[Black "Gazik, Viktor"]
[Result "0-1"]
[WhiteElo "2314"]
[BlackElo "2502"]
[Annotator "TA"]
[PlyCount "54"]
[EventDate "2020.08.07"]
[EventType "tourn"]
[EventCountry "SVK"]
[SourceTitle "playchess.com"]
[Source "ChessBase"]
[SourceQuality "1"]

{[%evp 19,54,0,0,0,8,-4,0,0,0,-27,-37,-49,-39,-176,-172,-170,-182,-168,-166,-406,-406,-381,-286,-301,-279,-350,-349,-372,-383,-389,-388,-571,-582,-666,-688,-668,-656]} 1. e4 c5 2. Nf3 d6 3. d4 cxd4 4. Nxd4 Nf6 5. Nc3 a6 6. Bc4 e6 7. Bb3 b5 8. Bg5 Be7 9. Qf3 Qb6 10. O-O O-O ({But not} 10... Qxd4 {[#]} 11. e5 $1 $16 {[%mdl 512]}) 11. Rad1 {B87: Sicilian Scheveningen/Najdorf: 6 Bc4, with early ...b5.} Bb7 12. Rfe1 Nbd7 13. Qg3 {The position is equal.} Kh8 {[#]} 14. Kh1 $146 ({Predecessor:} 14. Be3 Qa5 15. Bd5 Nxd5 16. exd5 Nc5 17. a3 b4 18. axb4 Qxb4 19. Bf4 Qxb2 20. dxe6 fxe6 {0-1 (43) Hamdouchi,H (2588)-Dominguez Perez,L (2605) Wijk aan Zee 2004}) 14... b4 15. Na4 Qa5 {aiming for ...Nh5.} 16. f4 ({Better is} 16. Bxf6 $15 Nxf6 17. f3) 16... Nxe4 $19 17. Rxe4 Bxg5 18. Re2 Bf6 {Hoping for ...Nc5.} 19. f5 $2 (19. c3) 19... e5 20. Nf3 e4 21. Nd2 d5 ({Don't play} 21... Qxf5 22. Nc4 $19) 22. c3 Rad8 23. Nf1 bxc3 24. Nxc3 {[%cal Rb3d5]} Nc5 25. Ne3 (25. Qe1 $142) 25... Nxb3 {Black is clearly winning.} 26. axb3 d4 {[%mdl 64] [#] Double Attack} 27. Nc4 dxc3 {[%mdl 64] Discovered Attack. White got outplayed after the opening. Accuracy: White = 42%, Black = 93%.} 0-1

[Event "Int SVK-ch GM 2020"]
[Site "Drienica"]
[Date "2020.08.13"]
[Round "7.2"]
[White "Petenyi, Tamas"]
[Black "Mrva, Martin"]
[Result "1/2-1/2"]
[WhiteElo "2436"]
[BlackElo "2386"]
[Annotator "ChessBase"]
[PlyCount "133"]
[EventDate "2020.08.07"]
[EventType "tourn"]
[EventCountry "SVK"]
[SourceTitle "playchess.com"]
[Source "ChessBase"]
[SourceQuality "1"]
[TimeControl "40/5400+30:1800+30"]

1. e4 {[%emt 0:01:10]} e5 {[%emt 0:00:25]} 2. Nf3 {[%emt 0:00:08]} Nc6 {[%emt 0:00:08]} 3. Bb5 {[%emt 0:00:23]} Nf6 {[%emt 0:00:27]} 4. Qe2 {[%emt 0:02:09]} Bc5 {[%emt 0:02:13]} 5. c3 {[%emt 0:01:07]} O-O {[%emt 0:02:37]} 6. d3 {[%emt 0:00:32]} h6 {[%emt 0:09:42]} 7. Be3 {[%emt 0:10:24]} Bxe3 {[%emt 0:00:48]} 8. fxe3 {[%emt 0:01:27]} d5 {[%emt 0:00:13]} 9. Nbd2 {[%emt 0:06:11]} a6 {[%emt 0:07:15]} 10. Bxc6 {[%emt 0:01:14]} bxc6 {[%emt 0:00:06]} 11. Nxe5 {[%emt 0:03:30]} dxe4 {[%emt 0:00:46]} 12. d4 {[%emt 0:01:15]} a5 {[%emt 0:08:45]} 13. O-O {[%emt 0:08:18]} Ba6 {[%emt 0:02:09]} 14. c4 {[%emt 0:01:19]} c5 {[%emt 0:00:24]} 15. Nb3 {[%emt 0:09:26]} cxd4 {[%emt 0:08:16]} 16. Nxd4 {[%emt 0:00:30]} Re8 {[%emt 0:04:04]} 17. Nec6 {[%emt 0:12:33]} Qd6 {[%emt 0:05:22]} 18. Nxa5 {[%emt 0:01:32]} Re5 {[%emt 0:09:17]} 19. b4 {[%emt 0:03:14]} Rh5 {[%emt 0:03:01]} 20. h3 {[%emt 0:04:32]} Qxb4 {[%emt 0:01:22]} 21. Rxf6 {[%emt 0:01:06]} Rxa5 {[%emt 0:00:41]} 22. Rc6 {[%emt 0:05:09]} Rc5 {[%emt 0:04:00]} 23. Rxc5 {[%emt 0:01:58]} Qxc5 {[%emt 0:00:06]} 24. Rc1 {[%emt 0:01:01]} Bc8 {[%emt 0:01:17]} 25. Rb1 {[%emt 0:05:01]} Bd7 {[%emt 0:02:09]} 26. Nb3 {[%emt 0:03:25]} Qg5 {[%emt 0:00:27]} 27. Kh1 {[%emt 0:00:29]} Ra6 {[%emt 0:03:11]} 28. Rd1 {[%emt 0:01:34]} Be6 {[%emt 0:09:32]} 29. Nd4 {[%emt 0:01:21]} Bc8 {[%emt 0:00:14]} 30. Rf1 {[%emt 0:01:45]} Rg6 {[%emt 0:00:41]} 31. g4 {[%emt 0:04:13]} Qh4 {[%emt 0:01:26]} 32. Qh2 {[%emt 0:02:09]} h5 {[%emt 0:04:16]} 33. gxh5 {[%emt 0:00:59]} Qxh5 {[%emt 0:00:16]} 34. Ne2 {[%emt 0:02:51]} Qxh3 {[%emt 0:00:25]} 35. Qxh3 {[%emt 0:00:04]} Bxh3 {[%emt 0:00:07]} 36. Rf2 {[%emt 0:00:45]} Bg4 {[%emt 0:00:11]} 37. Nf4 {[%emt 0:00:46]} Rh6+ {[%emt 0:00:37]} 38. Kg1 {[%emt 0:00:57]} Bf3 {[%emt 0:00:12]} 39. Rh2 {[%emt 0:00:15]} Rd6 {[%emt 0:01:03]} 40. Nd5 {[%emt 0:01:09]} f6 {[%emt 0:04:37]} 41. Kf2 {[%emt 0:04:36]} c6 {[%emt 0:02:16]} 42. Ne7+ {[%emt 0:00:43]} Kf7 {[%emt 0:00:31]} 43. Nf5 {[%emt 0:00:30]} Rd1 {[%emt 0:04:06]} 44. Nd4 {[%emt 0:04:45]} Bg4 {[%emt 0:01:08]} 45. Nxc6 {[%emt 0:01:48]} Rc1 {[%emt 0:00:15]} 46. Kg3 {[%emt 0:01:21]} Be6 {[%emt 0:06:02]} 47. Nd4 {[%emt 0:01:09]} Bxc4 {[%emt 0:02:12]} 48. a3 {[%emt 0:04:35]} Rg1+ {[%emt 0:02:40]} 49. Rg2 {[%emt 0:00:39]} Rxg2+ {[%emt 0:08:24]} 50. Kxg2 {[%emt 0:00:01]} g5 {[%emt 0:00:17]} 51. Kg3 {[%emt 0:00:23]} Ke7 {[%emt 0:00:07]} 52. a4 {[%emt 0:04:44]} Kd6 {[%emt 0:00:14]} 53. Kg4 {[%emt 0:00:26]} Ke5 {[%emt 0:04:45]} 54. Nc6+ {[%emt 0:01:03]} Kd6 {[%emt 0:01:27]} 55. Nd4 {[%emt 0:00:06]} Ke5 {[%emt 0:00:07]} 56. Nc6+ {[%emt 0:00:05]} Kd5 {[%emt 0:00:06]} 57. Nd4 {[%emt 0:00:34]} Ba6 {[%emt 0:01:36]} 58. Kf5 {[%emt 0:01:34]} Bc8+ {[%emt 0:00:09]} 59. Kxf6 {[%emt 0:00:38]} g4 {[%emt 0:00:07]} 60. Kg5 {[%emt 0:00:44]} Kc4 {[%emt 0:01:10]} 61. Kf4 {[%emt 0:00:24]} Kd3 {[%emt 0:00:23]} 62. a5 {[%emt 0:03:33]} g3 {[%emt 0:00:11]} 63. Kxg3 {[%emt 0:00:04]} Kxe3 {[%emt 0:00:05]} 64. Nb3 {[%emt 0:00:38]} Ke2 {[%emt 0:00:18]} 65. Kf4 {[%emt 0:01:07]} e3 {[%emt 0:00:28]} 66. Nc1+ {[%emt 0:00:20]} Kd2 {[%emt 0:00:13]} 67. Nb3+ {[%emt 0:00:03]} 1/2-1/2

[Event "Int SVK-ch GM 2020"]
[Site "Drienica"]
[Date "2020.08.13"]
[Round "7.3"]
[White "Pechac, Jergus"]
[Black "Nayhebaver, Martin"]
[Result "1-0"]
[WhiteElo "2498"]
[BlackElo "2482"]
[Annotator "ChessBase"]
[PlyCount "81"]
[EventDate "2020.08.07"]
[EventType "tourn"]
[EventCountry "SVK"]
[SourceTitle "playchess.com"]
[Source "ChessBase"]
[SourceQuality "1"]
[TimeControl "40/5400+30:1800+30"]

1. Nf3 {[%emt 0:00:00]} Nf6 {[%emt 0:00:00]} 2. c4 {[%emt 0:00:00]} e6 {[%emt 0:00:26]} 3. g3 {[%emt 0:00:00]} b6 {[%emt 0:01:11]} 4. Bg2 {[%emt 0:00:05]} Bb7 {[%emt 0:00:05]} 5. O-O {[%emt 0:00:07]} Be7 {[%emt 0:00:15]} 6. d4 {[%emt 0:00:24]} O-O {[%emt 0:00:25]} 7. Nc3 {[%emt 0:00:04]} Ne4 {[%emt 0:00:27]} 8. Bd2 {[%emt 0:00:05]} d5 {[%emt 0:00:22]} 9. cxd5 {[%emt 0:00:05]} exd5 {[%emt 0:00:07]} 10. Qb3 {[%emt 0:00:03]} Na6 {[%emt 0:06:48]} 11. Bf4 {[%emt 0:00:09]} c5 {[%emt 0:01:40]} 12. Rfd1 {[%emt 0:00:05]} c4 {[%emt 0:01:18]} 13. Qc2 {[%emt 0:00:05]} f5 {[%emt 0:00:37]} 14. h4 {[%emt 0:01:36]} Nc7 {[%emt 0:05:54]} 15. e3 {[%emt 0:20:34]} Ne6 {[%emt 0:07:31]} 16. Bh3 {[%emt 0:01:41]} Nxf4 {[%emt 0:10:32]} 17. exf4 {[%emt 0:00:30]} a6 {[%emt 0:00:24]} 18. a4 {[%emt 0:01:47]} Kh8 {[%emt 0:11:24]} 19. Ne5 {[%emt 0:02:02]} Rc8 {[%emt 0:04:52]} 20. Kg2 {[%emt 0:02:18]} Rc7 {[%emt 0:02:55]} 21. Rh1 {[%emt 0:10:50]} Bf6 {[%emt 0:12:12]} 22. f3 {[%emt 0:00:34]} Bxe5 {[%emt 0:02:00]} 23. fxe5 {[%emt 0:01:30]} Nxc3 {[%emt 0:01:23]} 24. bxc3 {[%emt 0:00:12]} f4 {[%emt 0:00:14]} 25. Rae1 {[%emt 0:08:57]} Bc6 {[%emt 0:05:59]} 26. e6 {[%emt 0:00:48]} Qe8 {[%emt 0:01:06]} 27. Qb1 {[%emt 0:05:10]} Bxa4 {[%emt 0:08:36]} 28. Re5 {[%emt 0:02:52]} Bc6 {[%emt 0:00:38]} 29. Rhe1 {[%emt 0:01:37]} Qg6 {[%emt 0:06:20]} 30. Qxg6 {[%emt 0:00:57]} hxg6 {[%emt 0:00:01]} 31. h5 {[%emt 0:00:42]} Kh7 {[%emt 0:01:50]} 32. gxf4 {[%emt 0:02:08]} Re8 {[%emt 0:06:43]} 33. Rg5 {[%emt 0:00:35]} gxh5 {[%emt 0:00:36]} 34. Bf5+ {[%emt 0:00:23]} Kg8 {[%emt 0:00:07]} 35. Bg6 {[%emt 0:00:23]} Ra8 {[%emt 0:01:00]} 36. Rxh5 {[%emt 0:00:34]} Be8 {[%emt 0:00:17]} 37. f5 {[%emt 0:00:32]} Rc6 {[%emt 0:00:51]} 38. Bxe8 {[%emt 0:03:37]} Rxe8 {[%emt 0:00:06]} 39. Reh1 {[%emt 0:00:08]} Kf8 {[%emt 0:00:48]} 40. Rh8+ {[%emt 0:00:05]} Ke7 {[%emt 0:00:03]} 41. f6+ {[%emt 0:30:08]} 1-0